000 00798nam a2200289 a 4500
003 AR-BaBNM
005 20251128205959.0
008 082120s2002 ||||||||||||||000 | spa||
020 _a987-99628-93
040 _cAR-BaBNM
245 0 0 _aParticipan a usted...
260 _aSanta Rosa
_bSubsecretaría de Cultura de La Pampa
_c1998
300 _a149 p.
_bil.
650 4 _aSOCIOLOGIA CULTURAL
650 4 _aVIDA SOCIAL
650 4 _aANTROPOLOGIA CULTURAL Y SOCIAL
650 4 _aMATRIMONIO
650 4 _aFAMILIA
650 4 _aESTADO CIVIL
650 4 _aCOSTUMBRES Y TRADICIONES
650 4 _aLIBROS DE ARTE
700 1 _aPrado, Stella Maris
_ecoordinador
700 1 _aRodríguez, Joaquín
_ecoordinador
700 1 _aDurango, Norma
_eprologuista
942 _cBK
998 _cMARTIN
999 _c13586
_d13586